000
00596nam a22001457a 4500
020
_a
9789696371823
082
_a
495.1321
100
_a
Syed Hasan Javed
245
_a
Paramount Chinese-English-Urdu Dictionary
260
_a
Karachi
_b
Paramount Books
_c
2016
300
_a
504p
942
_c
BK
999
_c
3432
_d
3432